| 000 | 00318nam a2200133 i 4500 | ||
|---|---|---|---|
| 001 | bg | ||
| 100 | 1 | _aJaniczek, Roman. | |
| 245 | 0 |
_aElektryczne miernictwo przemysłowe / _cR. Janiczek. |
|
| 260 |
_aCzęstochowa, _c1988. |
||
| 040 | _cBPK | ||
| 041 | _apol | ||
| 942 | _cKS | ||
| 008 | s pl f |000 0 pol | ||
| 999 |
_c3880 _d3880 |
||
| 856 |
_uhttp://koha.tu.koszalin.pl/cgi-bin/koha/opac-detail.pl?biblionumber=3880 _yKatalog online BPK |
||